[Event "Chiemgau Seniors Cup 1st"]
[Site "Bergen"]
[Date "2005.10.11"]
[Round "1"]
[White "Krafzik, Joachim"]
[Black "Fries, Karl Heinz"]
[Result "1-0"]
[WhiteElo "2064"]
[BlackElo "1872"]
[PlyCount "159"]
[EventDate "2005.10.11"]
[EventType "swiss"]
[EventRounds "9"]
[EventCountry "GER"]
[SourceTitle "EXT 2007"]
[Source "ChessBase"]
[SourceDate "2006.11.23"]
[SourceVersion "1"]
[SourceVersionDate "2006.11.23"]
[SourceQuality "1"]

1. b4 d5 2. Bb2 e6 3. b5 f5 4. e3 Nf6 5. Nf3 Bd6 6. c4 Qe7 7. Nc3 0-0 8. Be2 Nbd7 9. d4 b6 10. cxd5 exd5 11. g3 Bb7 12. Qb3 h6 13. h4 Qf7 14. Ba3 Bxa3 15. Qxa3 Ne4 16. h5 Rfc8 17. Nh4 Qe6 18. Nxe4 fxe4 19. Ng6 Re8 20. Rc1 c5 21. bxc6 Bxc6 22. 0-0 Kh7 23. Rc2 Nf6 24. Rfc1 Bd7 25. Rc7 a5 26. Nf4 Qf5 27. Qd6 Ba4 28. Qxb6 Reb8 29. Rb7 Rc8 30. Rcc7 Rxc7 31. Qxc7 Ne8 32. Qc5 Nf6 33. Ra7 Rc8 34. Qa3 Be8 35. Rxa5 Bf7 36. Qb2 Rc7 37. Kg2 Qc8 38. Bd1 Rc1 39. Qd2 Qc7 40. Rb5 Qc4 41. Rc5 Rxd1 42. Qxd1 Qxa2 43. Rc7 Be8 44. Rc2 Qa7 45. Qe2 Bd7 46. Rc5 Bg4 47. Qc2 Qa1 48. Qc1 Qa2 49. Rc2 Bf3+ 50. Kg1 Qa8 51. Qb2 Qa5 52. Qc3 Qa8 53. Qc6 Qa1+ 54. Rc1 Qa3 55. Qc3 Qa8 56. Ne6 Bxh5 57. Qc8 Qxc8 58. Rxc8 Bg4 59. Rc6 Kg8 60. Nc7 Kf7 61. Rc5 Be6 62. Na6 Kg6 63. Nb4 h5 64. Nc6 Kh6 65. Ne5 Bg8 66. Rc6 Kg5 67. Kg2 Kh6 68. Kh3 Bh7 69. g4 Kg5 70. gxh5 Bf5+ 71. Kg2 Kxh5 72. Rd6 Bh7 73. Nd7 Nxd7 74. Rxd7 Kg6 75. Rxd5 Kf6 76. Re5 Bg6 77. Kg3 Bh7 78. Kf4 Bg6 79. Rxe4 Bxe4 80. Kxe4 1-0

[Event "Brandenburg-ch Seniors 13th"]
[Site "Lindow/Mark"]
[Date "2005.09.14"]
[Round "8"]
[White "Nietsch, Horst"]
[Black "Fries, Karl Heinz"]
[Result "1-0"]
[WhiteElo "1881"]
[BlackElo "1637"]
[PlyCount "111"]
[EventDate "2005.09.07"]
[EventType "swiss"]
[EventRounds "9"]
[EventCountry "GER"]
[SourceTitle "EXT 2007"]
[Source "ChessBase"]
[SourceDate "2006.11.23"]
[SourceVersion "1"]
[SourceVersionDate "2006.11.23"]
[SourceQuality "1"]

1. e4 d5 2. exd5 Qxd5 3. Nc3 Qa5 4. d4 Nf6 5. Bc4 c6 6. Bd2 Qc7 7. Nf3 e6 8. 0-0 Bd6 9. Qe2 0-0 10. Bg5 Nbd7 11. Ne4 Nxe4 12. Qxe4 Re8 13. Rfe1 Nf8 14. Bb3 f6 15. Bd2 f5 16. Qxf5 Kh8 17. Qh5 g6 18. Qh6 Qf7 19. Re4 Nd7 20. Ng5 Qg8 21. Bxe6 Rxe6 22. Nxe6 Nf6 23. Ng5 Nxe4 24. Nxe4 Bf8 25. Qh4 Bf5 26. Bg5 Re8 27. Nf6 Qf7 28. Nxe8 Qxe8 29. Bf6+ Kg8 30. Be5 Be7 31. Qh6 Bf8 32. Qd2 Qe6 33. b3 Qd5 34. Re1 Qb5 35. Qg5 Qb4 36. Re2 Be7 37. Qe3 Kf7 38. c3 Qa5 39. h3 Qd8 40. c4 Bg5 41. Qc3 Be6 42. Qf3+ Kg8 43. Bf4 Bf7 44. Bxg5 Qxg5 45. Qe3 Qf5 46. Qe4 Qd7 47. Qe5 b6 48. Rd2 Be6 49. d5 cxd5 50. cxd5 Bf7 51. d6 Qc6 52. Kh2 Qc1 53. d7 Qxd2 54. Qb8+ Kg7 55. d8Q Qxf2 56. Qe5+ 1-0

[Event "Brandenburg Seniors op 13th"]
[Site "Lindow/Mark"]
[Date "2005.09.07"]
[Round "1"]
[White "Kollowa, Kurt"]
[Black "Fries, Karl Heinz"]
[Result "1-0"]
[WhiteElo "1903"]
[BlackElo "1637"]
[PlyCount "175"]
[EventDate "2005.09.07"]
[EventType "swiss"]
[EventRounds "9"]
[EventCountry "GER"]
[SourceTitle "EXT 2007"]
[Source "ChessBase"]
[SourceDate "2006.11.23"]
[SourceVersion "1"]
[SourceVersionDate "2006.11.23"]
[SourceQuality "1"]

1. d4 d5 2. c4 e6 3. Nc3 f5 4. Nf3 c6 5. Qb3 Nf6 6. Bg5 Be7 7. e3 Nbd7 8. Be2 0-0 9. 0-0 Ne4 10. Bxe7 Qxe7 11. Nxe4 fxe4 12. Nd2 Nf6 13. f4 h5 14. Qc3 Bd7 15. b4 a6 16. a4 Rfc8 17. a5 g6 18. Nb3 Ne8 19. Nc5 Nd6 20. Na4 Rf8 21. Nb6 Rab8 22. cxd5 exd5 23. Qc5 Be6 24. Na4 Nf5 25. Qxe7 Nxe7 26. Nc5 Bc8 27. g3 Nf5 28. Kf2 Nd6 29. Kg2 Rf6 30. h3 Nf5 31. Ra3 Nd6 32. g4 hxg4 33. hxg4 Kg7 34. Kg3 Rf7 35. Rh1 Rf8 36. Raa1 Rh8 37. Rxh8 Kxh8 38. Na4 Be6 39. Nc3 Kg7 40. Rh1 Rh8 41. Rh4 Rxh4 42. Kxh4 Kh6 43. Na4 Bc8 44. Nc5 Kg7 45. Na4 Kf6 46. Nc3 Bd7 47. Nd1 Be6 48. Nf2 Nf7 49. Nh3 Nd6 50. Nf2 Bd7 51. Nh3 Be6 52. Kg3 Bd7 53. Nf2 Be6 54. g5+ Kg7 55. Ng4 Bf5 56. Ne5 Bc8 57. Bg4 Bxg4 58. Nxg4 Nf5+ 59. Kf2 Nd6 60. Ke2 Kf7 61. Ne5+ Kg7 62. Nd7 Kf7 63. Nc5 Ke7 64. Kf2 Kf7 65. Nd7 Ke6 66. Nf6 Nc4 67. Ng4 Nd6 68. Ne5 Kf5 69. Kg3 Nc8 70. Nd7 Nd6 71. Nc5 Nc4 72. Nxb7 Nxe3 73. Nd8 Nf1+ 74. Kf2 Nd2 75. Nxc6 Kxf4 76. Ne7 e3+ 77. Ke2 Ke4 78. Nxg6 Kxd4 79. Ne7 Ne4 80. g6 Kc4 81. Kxe3 Nf6 82. g7 d4+ 83. Kd2 Kxb4 84. Nd5+ Nxd5 85. g8Q Nc3 86. Qd8 Nb5 87. Kd3 Ka4 88. Qb6 1-0

[Event "Hessen-ch Seniors op 01st"]
[Site "Bad Sooden-Allendorf"]
[Date "2005.04.29"]
[Round "8"]
[White "Jobski, Werner"]
[Black "Fries, Karl Heinz"]
[Result "0-1"]
[WhiteElo "1597"]
[BlackElo "1627"]
[PlyCount "122"]
[EventDate "2005.04.22"]
[EventType "swiss"]
[EventRounds "9"]
[EventCountry "GER"]
[SourceTitle "EXT 2007"]
[Source "ChessBase"]
[SourceDate "2006.11.23"]
[SourceVersion "1"]
[SourceVersionDate "2006.11.23"]
[SourceQuality "1"]

1. e4 d5 2. exd5 Qxd5 3. Nc3 Qa5 4. Nf3 Nf6 5. d3 c6 6. Bd2 Qc7 7. h3 Bf5 8. Nd4 Bg6 9. Qf3 Nbd7 10. 0-0-0 e6 11. g4 Bd6 12. Bg2 Ne5 13. Qe2 h6 14. f4 Ned7 15. f5 Bh7 16. fxe6 Ne5 17. exf7+ Kxf7 18. Rhf1 Rhe8 19. Be4 Kg8 20. Nf5 Nf7 21. Nxd6 Qxd6 22. Bf4 Qb4 23. Bxh7+ Kxh7 24. Qf3 Re7 25. Bd2 Qd4 26. Qf5+ Kg8 27. Rf4 Qd6 28. Ne4 Nxe4 29. Rxe4 Rxe4 30. Qxe4 Qe5 31. Bf4 Qxe4 32. dxe4 Rd8 33. Re1 Re8 34. h4 Nd8 35. Kd2 Ne6 36. Bd6 Rd8 37. e5 Rd7 38. Re4 Rf7 39. Ke3 Rf1 40. g5 Re1+ 41. Kd3 Rxe4 42. Kxe4 hxg5 43. Kf5 Kf7 44. hxg5 g6+ 45. Kg4 Nd4 46. Bc5 Nxc2 47. Bxa7 Ke6 48. Kf4 Nb4 49. Ke4 Nxa2 50. Be3 Nb4 51. Bf2 Nd5 52. Be1 c5 53. Bd2 b5 54. Be1 Nb6 55. Ba5 Nc4 56. Bc3 b4 57. Kd3 Nxe5+ 58. Bxe5 Kxe5 59. Kc4 Kd6 60. Kb5 Kd5 61. b3 Kd4 0-1

[Event "Hessen-ch Seniors op 01st"]
[Site "Bad Sooden-Allendorf"]
[Date "2005.04.27"]
[Round "6"]
[White "Dinius, Helmut"]
[Black "Fries, Karl Heinz"]
[Result "1/2-1/2"]
[WhiteElo "1553"]
[BlackElo "1627"]
[PlyCount "87"]
[EventDate "2005.04.22"]
[EventType "swiss"]
[EventRounds "9"]
[EventCountry "GER"]
[SourceTitle "EXT 2007"]
[Source "ChessBase"]
[SourceDate "2006.11.23"]
[SourceVersion "1"]
[SourceVersionDate "2006.11.23"]
[SourceQuality "1"]

1. e4 d5 2. exd5 Qxd5 3. Nc3 Qa5 4. d3 Nf6 5. Bd2 Qb6 6. Rb1 c6 7. Be2 Bf5 8. Nf3 Nbd7 9. 0-0 h6 10. Be3 Qc7 11. Re1 e6 12. Bf1 Ng4 13. Bd2 Bc5 14. Be3 Nxe3 15. fxe3 Bg4 16. d4 Bd6 17. g3 0-0-0 18. Bg2 e5 19. Ne4 Be7 20. Qc1 f5 21. Nf2 Bh5 22. dxe5 Nxe5 23. Nxe5 Qxe5 24. Nd3 Qd6 25. Nf4 Bf7 26. b3 g5 27. Nd3 Bf6 28. Rf1 Be6 29. Qe1 Be7 30. Qa5 Kb8 31. Qe5 Rhg8 32. Rbe1 Qxe5 33. Nxe5 Kc7 34. Nd3 Bd6 35. Kh1 Rgf8 36. e4 fxe4 37. Bxe4 Rxf1+ 38. Rxf1 Rf8 39. Rxf8 Bxf8 40. Kg2 b6 41. Kf3 Bd6 42. c4 a5 43. Bg6 Kd7 44. Ke4 1/2-1/2

[Event "Hessen-ch Seniors op 01st"]
[Site "Bad Sooden-Allendorf"]
[Date "2005.04.24"]
[Round "3"]
[White "Fries, Karl Heinz"]
[Black "Zoll, Theobald"]
[Result "1/2-1/2"]
[WhiteElo "1627"]
[BlackElo "1498"]
[PlyCount "80"]
[EventDate "2005.04.22"]
[EventType "swiss"]
[EventRounds "9"]
[EventCountry "GER"]
[SourceTitle "EXT 2007"]
[Source "ChessBase"]
[SourceDate "2006.11.23"]
[SourceVersion "1"]
[SourceVersionDate "2006.11.23"]
[SourceQuality "1"]

1. e4 c5 2. Nf3 d6 3. d4 cxd4 4. Nxd4 Nf6 5. Nc3 a6 6. Bg5 e6 7. Qd2 Be7 8. f4 Nbd7 9. Be2 Qc7 10. f5 Nc5 11. Bxf6 Bxf6 12. b4 e5 13. Nf3 Nd7 14. Nd5 Qd8 15. 0-0 0-0 16. Rad1 b5 17. g4 Bb7 18. Nc3 Qb6+ 19. Kg2 Be7 20. g5 Rad8 21. h4 f6 22. Nh2 Rc8 23. Rf3 Rfd8 24. Ng4 Qc7 25. Rg3 Kh8 26. g6 Nf8 27. h5 d5 28. h6 Bxb4 29. hxg7+ Qxg7 30. Nh6 hxg6 31. Rh1 Nh7 32. Rxg6 dxe4 33. Qc1 Qd7 34. Rd1 e3+ 35. Kg1 Qc7 36. Rxd8+ Rxd8 37. Qb2 Bd6 38. Qb3 Ng5 39. Ng4 Qc6 40. Rh6+ Kg7 1/2-1/2